Airlines that serve Singapore Changi (SIN) - Statistics

General Stats
  • This quiz has been taken 51 times
  • The average score is 36 of 82
Answer Stats
Airline % Correct
Singapore Airlines
97%
Scoot
92%
Qantas
81%
Air China
78%
British Airways
78%
Japan Airlines
78%
Emirates
75%
Korean Air
72%
AirAsia
69%
Air France
69%
Lufthansa
69%
Garuda Indonesia
67%
KLM
67%
Qatar Airways
67%
Vietnam Airlines
67%
Air India
64%
All Nippon Airways
64%
Cathay Pacific
64%
China Airlines
64%
China Eastern Airlines
64%
China Southern Airlines
64%
Malaysia Airlines
64%
United Airlines
64%
Air New Zealand
61%
Etihad Airways
61%
Ethiopian Airlines
58%
Saudia
58%
Turkish Airlines
58%
IndiGo
56%
Air Canada
53%
Asiana Airlines
53%
Cebu Pacific
53%
Batik Air
50%
Finnair
50%
Gulf Air
50%
Jetstar
50%
Philippine Airlines
50%
Oman Air
47%
Bangkok Airways
44%
EVA Air
44%
Hainan Airlines
44%
Citilink
42%
SriLankan Airlines
42%
XiamenAir
42%
Swiss International Air Lines
39%
Shenzhen Airlines
36%
T'way Air
36%
Fiji Airways
33%
Jeju Air
33%
Juneyao Air
33%
Sichuan Airlines
33%
Thai AirAsia
33%
VietJet Air
33%
Biman Bangladesh Airlines
31%
Peach
31%
Firefly
28%
Thai Airways International
28%
Thai Lion Air
28%
Air India Express
25%
Chongqing Airlines
25%
Drukair
25%
Spring Airlines
25%
Starlux Airlines
25%
Tianjin Airlines
25%
TransNusa
25%
Aircalin
22%
Air Macau
22%
Air Niugini
22%
Indonesia AirAsia
22%
MIAT Mongolian Airlines
22%
Loong Air
19%
Shandong Airlines
19%
Air Japan
17%
Myanmar Airways International
17%
West Air
17%
Batik Air Malaysia
14%
Cambodia Airways
14%
Myanmar National Airlines
14%
Pelita Air
14%
Aero Dili
11%
Zipair Tokyo
11%
US-Bangla Airlines
8%
No matching quizzes found
Score Distribution
Percent of People with Each Score
Percentile by Number Answered
Your Score History
You have not taken this quiz